Entry Corporate Name
Number of records used in: 1
001 - CONTROL NUMBER
003 - CONTROL NUMBER IDENTIFIER
005 - DATE AND TIME OF LATEST TRANSACTION
- control field:
20220919135411.0
008 - FIXED-LENGTH DATA ELEMENTS
- fixed length control field:
790619n| azannaabn |a ana
010 ## - LIBRARY OF CONGRESS CONTROL NUMBER
- LC control number:
n 79049301
035 ## - SYSTEM CONTROL NUMBER
- System control number:
(OCoLC)oca00282595
040 ## - CATALOGING SOURCE
- Original cataloging agency:
DLC
- Language of cataloging:
eng
- Transcribing agency:
DLC
- Modifying agency:
DLC
- Modifying agency:
PPiU-H
- Description conventions:
rda
- Modifying agency:
DNLM
046 ## - SPECIAL CODED DATES
110 2# - HEADING--CORPORATE NAME
- Corporate name or jurisdiction name as entry element:
American Psychiatric Association
410 2# - SEE FROM TRACING--CORPORATE NAME
- Corporate name or jurisdiction name as entry element:
APA
410 2# - SEE FROM TRACING--CORPORATE NAME
- Corporate name or jurisdiction name as entry element:
A.P.A.
410 2# - SEE FROM TRACING--CORPORATE NAME
- Corporate name or jurisdiction name as entry element:
Asociación Psiquiátrica Americana
410 2# - SEE FROM TRACING--CORPORATE NAME
- Corporate name or jurisdiction name as entry element:
Asociación Americana de Psiquiatría
510 2# - SEE ALSO FROM TRACING--CORPORATE NAME
- Corporate name or jurisdiction name as entry element:
Joint Information Service of the American Psychiatric Association and the National Association for Mental Health
510 2# - SEE ALSO FROM TRACING--CORPORATE NAME
- Control subfield:
r
- Relationship information:
Predecessor:
- Corporate name or jurisdiction name as entry element:
American Medico-Psychological Association
510 2# - SEE ALSO FROM TRACING--CORPORATE NAME
- Corporate name or jurisdiction name as entry element:
American Psychiatric Institute for Research and Education
670 ## - SOURCE DATA FOUND
- Source citation:
MWA/NAIP files
- Information found:
(hdg.: American Psychiatric Association; note: earlier name American Medico-Psychological Association; 1921 name changed to American Psychiatric Association)
670 ## - SOURCE DATA FOUND
- Source citation:
NUCMC data from American Psychiatric Association for Joint Information Service of the American Psychiatric Association and the National Association for Mental Health. Records, 1953-1983
- Information found:
(Joint Information Service est. to bring together resources of American Psychiatric Association and National Association for Mental Health)
670 ## - SOURCE DATA FOUND
- Source citation:
American Psychiatric Institute for Research and Education WWW home page, July 15, 2008
- Information found:
(American Psychiatric Institute for Research and Education is an affiliated corporation of the American Psychiatric Association)
670 ## - SOURCE DATA FOUND
- Source citation:
Guía de consulta de los criterios diagnósticos del DSM-5, 2014:
- Information found:
ECIP t.p. (American Psychiatric Association) galley (Asociación Americana de Psiquiatría)